000 00983nam a2200265 a 4500
001 000008756
005 20240530073931.0
008 090918s2009 dr ac 001 e spa d
020 _a9789945423105
040 _aDO-SdBNP
_bspa
_cBNPHU
082 _a709.04
_bS225e
100 1 _aSangiovanni, Carlos
_923288
245 1 0 _aEscritos y portadas :
_bLa Noticia 1978-1990 /
_cCarlos Sangiovanni.
260 _aSanto Domingo :
_bPubliguía,
_c2009.
300 _a243 p. :
_bil., retrs. ;
_c23 cm.
500 _aIncluye índice onomástico
500 _aIncluye datos biográficos del autor en las solapas.
590 _aInventariado, 2018/LP
650 4 _aArte moderno
_ySIGLO XX
_xEnsayos, conferencias, etc.
_923289
650 0 _aEnsayos dominicanos
_965
650 4 _aDiarios dominicanos
_xSecciones, columnas, etc.
_944
650 4 _aPublicidad comercial artística impresa
_923290
730 0 _aLa Noticia (República Dominicana)
_923291
910 _aValidado. Control de calidad EMS
999 _c8525
_d8525